An Introduction to sufi doctrine (Record no. 62840)

000 -LEADER
fixed length control field 00466nam a22001697a 4500
003 - CONTROL NUMBER IDENTIFIER
control field NUST - PNEC
005 - DATE AND TIME OF LATEST TRANSACTION
control field 20170116180758.0
008 - FIXED-LENGTH DATA ELEMENTS--GENERAL INFORMATION
fixed length control field 150409b xxu||||| |||| 00| 0 eng d
040 ## - CATALOGING SOURCE
Transcribing agency LIBRARY
082 ## - DEWEY DECIMAL CLASSIFICATION NUMBER
Classification number 297.4 MAT
100 ## - MAIN ENTRY--PERSONAL NAME
9 (RLIN) 2291
Personal name Matheson, D.M.
245 ## - TITLE STATEMENT
Title An Introduction to sufi doctrine
Statement of responsibility, etc. D.M. Matheson
260 ## - PUBLICATION, DISTRIBUTION, ETC.
Place of publication, distribution, etc. Lahore:
Name of publisher, distributor, etc. Suhail Academy Lahore,
Date of publication, distribution, etc. c1983.
300 ## - PHYSICAL DESCRIPTION
Extent 126 p.:
Dimensions 22 cm
651 ## - SUBJECT ADDED ENTRY--GEOGRAPHIC NAME
9 (RLIN) 2292
Geographic name Islam, Sufism
General subdivision General
942 ## - ADDED ENTRY ELEMENTS (KOHA)
Source of classification or shelving scheme
Koha item type Book
Holdings
Withdrawn status Lost status Source of classification or shelving scheme Damaged status Not for loan Permanent Location Current Location Shelving location Date acquired Source of acquisition Cost, normal purchase price Total Checkouts Full call number Barcode Date last seen Cost, replacement price Price effective from Koha item type
          Pakistan Navy Engineering College (PNEC) Pakistan Navy Engineering College (PNEC)   03/04/1986 Royal book co./ Library Refrence Grant 70.00   297.4 MAT PNECLIB-006929 04/09/2015 70.00 03/04/1986 Book
© 2023 Central Library, National University of Sciences and Technology. All Rights Reserved.